=LDR 00000nam 2200000 4500 =001 000930 =005 20250712125329 =035 ##$$a 0010-0725000808 =007 ta =008 250712################a##########0#ind## =020 ##$$a 978-623-472-442-4 =082 ##$$a 398.209 598 =084 ##$$a 398.209 598 LAM b =100 #$$a Lamoral-Rosmarin, Corrine =245 1#$$a Beres-Beres Seru /$c Corrine Lamoral-Rosmarin =250 ##$$a cetakan pertama =260 ##$$a Jakarta :$b badan pengembangan dan pembinaan bahasa,$c 2022 =300 ##$$a 16 hlm. : $b ilus. ; $c 22,9 cm$e 398.209 598 =650 #4$$a cerita anak indonesia =856 ##$$a TBM As Suhada =990 ##$$a TBM202400752